000 00855nam a2200265 i 4500
001 10437
003 ES-MaACL
005 20250904205326.0
007 t|
008 950616s1995 sp a |||| | spa d
080 _a7(46)"19"
100 1 _aBozal, Valeriano,
_d1940-2023
_9242225
245 1 0 _aArte del siglo XX en España /
_cValeriano Bozal.
260 _aMadrid :
_bEspasa-Calpe,
_c1995.
300 _a2 v. :
_bil. ;
_c19 cm.
490 1 _aGrandes obras de bolsillo
500 _aÍndices.
504 _aBibliografía.
505 8 _aContiene: I ;
_tPintura y escultura 1900-1939 - II ;
_tPintura y escultura 1939-1990
650 1 4 _aPintura española-
_yS.XX.
_916042
650 4 _aEscultura española-
_yS.XX.
_912436
830 0 _aGrandes obras de bolsillo
_9180461
852 _aES-MaACL
_jL-17936-37
999 _c10437
_d10437